POBLES DEL BAIX EMPORDÀ - Estadísticas

Estadísticas generales
  • Esta prueba ha sido intentada 39 veces
  • La puntuación promedio es 21 de 36
Estadísticas de respuestas
INICIAL MUNICIPI % Correcto
P Palafrugell
91%
P Palamós
91%
B la Bisbal d'Empordà
82%
P Pals
82%
T Torroella de Montgrí
82%
S Sant Feliu de Guixols
73%
B Begur
68%
S Santa Cristina d'Aro
68%
F Foixà
64%
M Mont-ras
64%
P Parlavà
64%
U Ullà
64%
U Ullastret
64%
C Colomers
59%
C Corçà
59%
P la Pera
59%
U Ultramort
59%
V Verges
59%
A Albons
55%
F Forallac
55%
G Gualta
55%
J Jafre
55%
C Calonge i Sant Antoni
50%
C Castell-Platja d'Aro
50%
F Fontanilles
50%
P Palau-sator
50%
R Regencós
50%
R Rupià
50%
B Bellcaire d'Empordà
45%
S Serra de Daró
45%
T Torrent
41%
V Vall-llobrega
41%
V Vilopriu
41%
C Cruïlles, Monells i Sant Sadurní de l'Heura
36%
G Garrigoles
36%
T la Tallada d'Empordà
36%
No se encontraron pruebas coincidentes
Distribución de puntuación
Porcentaje de gente con cada puntuación
Porcentaje por número respondido
Historial de tus puntuaciones
No has intentado esta prueba.